| 000 | 00427nam a22001457a 4500 | ||
|---|---|---|---|
| 003 | MACL | ||
| 005 | 20190501170819.0 | ||
| 008 | 190501b xxu||||| |||| 00| 0 eng d | ||
| 040 | _cMACL | ||
| 100 |
_aसरल,श्रीकृष्ण _974690 |
||
| 245 | _aजय हिंद | ||
| 260 |
_aदिल्ली _bचिलड्रन बुक _c2016 |
||
| 650 |
_aउपन्यास _974691 |
||
| 942 |
_2ddc _cHIN |
||
| 999 |
_c59631 _d59631 |
||